| 000 | 00723nam a22002297a 4500 | ||
|---|---|---|---|
| 003 | OSt | ||
| 005 | 20220107122805.0 | ||
| 008 | 150914b xxu||||| |||| 00| 0 eng d | ||
| 020 | _a9788184873214 | ||
| 040 | _cIIITMK | ||
| 082 | _a510.285 NAY/M | ||
| 100 |
_aSk. Md. Abu Nayeem (Ed.) _97699 |
||
| 245 |
_aMathematics and computing: _bCurrent research and developments _cedited by Sk. Md. Abu Nayeem |
||
| 260 |
_aNew Delhi, _bNarosa Publishing House, _c2013. |
||
| 300 | _aviii, 151p. | ||
| 650 |
_aCOMPUTER SCIENCE _97700 |
||
| 650 |
_aMATHEMATICS _97701 |
||
| 650 |
_aCOMPUTATIONAL SCIENCE _97702 |
||
| 650 |
_aMATHEMATICAL COMPUTING _97703 |
||
| 700 |
_aJ. Mukhopadhyay, S. B. Rao (Ed.) _97704 |
||
| 942 |
_2ddc _cBK |
||
| 999 |
_c4817 _d4817 |
||